[Event "Warsaw YMCA Autumn-A 174th"]
[Site "Warsaw"]
[Date "2016.11.04"]
[Round "7"]
[White "Pajak, Jakub Lech"]
[Black "Goslawski, Michal"]
[Result "0-1"]
[WhiteElo "1893"]
[BlackElo "2153"]
[PlyCount "59"]
[EventDate "2016.09.23"]
[EventType "tourn"]
[EventRounds "13"]
[EventCountry "POL"]
[SourceTitle "EXT 2018"]
[Source "ChessBase"]
[SourceDate "2017.10.13"]
[SourceVersion "1"]
[SourceVersionDate "2017.10.13"]
[SourceQuality "1"]

1. e4 d6 2. d4 Nf6 3. Nc3 g6 4. Be3 Bg7 5. f3 0-0 6. Qd2 e5 7. 0-0-0 exd4 8. Bxd4 Nc6 9. Be3 a6 10. Bh6 Be6 11. h4 Bxh6 12. Qxh6 Kh8 13. g4 Rg8 14. Nh3 Qf8 15. Qe3 b5 16. h5 gxh5 17. g5 Bxh3 18. Rxh3 Ne8 19. Nd5 Qg7 20. f4 f6 21. Rxh5 Qf7 22. Be2 Ne7 23. Rdh1 Rg7 24. gxf6 Nxf6 25. Nxf6 Qxf6 26. e5 dxe5 27. fxe5 Qb6 28. Qe4 Rg1+ 29. Rxg1 Qxg1+ 30. Bd1 0-1

[Event "Rubinstein Memorial 52nd"]
[Site "Polanica Zdroj"]
[Date "2016.08.22"]
[Round "3"]
[White "Lewtak, Damian"]
[Black "Goslawski, Michal"]
[Result "1-0"]
[WhiteElo "2389"]
[BlackElo "2168"]
[PlyCount "61"]
[EventDate "2016.08.20"]
[EventType "swiss"]
[EventRounds "10"]
[EventCountry "POL"]
[SourceTitle "CBM 174 Extra"]
[Source "ChessBase"]
[SourceDate "2016.10.10"]
[SourceVersion "1"]
[SourceVersionDate "2016.10.10"]
[SourceQuality "1"]

1. e4 d6 2. c4 c5 3. Ne2 Nc6 4. d4 cxd4 5. Nxd4 Nxd4 6. Qxd4 Nf6 7. Nc3 Bd7 8. f3 a5 9. b3 g6 10. Be3 Bg7 11. Qd2 0-0 12. Be2 Bc6 13. 0-0 Nd7 14. Rab1 Nc5 15. Rfc1 e6 16. Rd1 Be5 17. Bd4 Qe7 18. Bf1 Rfd8 19. Qe3 b6 20. a3 Qf6 21. Bxe5 dxe5 22. b4 axb4 23. axb4 Nd7 24. Rd6 Nb8 25. Rxd8+ Qxd8 26. Rd1 Qc7 27. Qd2 Bd7 28. Qd6 Ra7 29. Qxc7 Rxc7 30. b5 Kf8 31. Na4 1-0

[Event "Krakow Europejski op"]
[Site "Krakow"]
[Date "2016.05.08"]
[Round "9"]
[White "Banaszkiewicz, Mikolaj"]
[Black "Goslawski, Michal"]
[Result "0-1"]
[WhiteElo "1965"]
[BlackElo "2139"]
[PlyCount "136"]
[EventDate "2016.05.01"]
[EventType "swiss"]
[EventRounds "9"]
[EventCountry "POL"]
[SourceTitle "EXT 2018"]
[Source "ChessBase"]
[SourceDate "2017.10.13"]
[SourceVersion "1"]
[SourceVersionDate "2017.10.13"]
[SourceQuality "1"]

1. d4 d5 2. Nf3 e6 3. c4 c6 4. cxd5 exd5 5. Nc3 Bd6 6. Qc2 Ne7 7. Bg5 f6 8. Bh4 Bf5 9. Qd2 Nd7 10. e3 Nb6 11. Bg3 g5 12. Bd3 Bb4 13. Bxf5 Nxf5 14. Qc2 Qd7 15. a3 Bxc3+ 16. Qxc3 h5 17. h3 Nxg3 18. fxg3 0-0-0 19. 0-0-0 Qd6 20. Qe1 Rde8 21. Qf2 Re6 22. Nd2 Rhe8 23. Rde1 Qe7 24. Qf5 Nd7 25. e4 dxe4 26. Re3 Qd6 27. Rxe4 Rxe4 28. Nxe4 Qxd4 29. Rd1 Qc4+ 30. Nc3 Qe6 31. Qg6 Rd8 32. Qxh5 Qe3+ 33. Kb1 Qxg3 34. Qe2 Qe5 35. Qg4 Kc7 36. Ka1 Nc5 37. Rxd8 Kxd8 38. Qd1+ Kc7 39. Qc2 Qe1+ 40. Ka2 Qe6+ 41. Kb1 a5 42. Nb5+ Kb6 43. Nc3 f5 44. Qf2 f4 45. h4 Qf5+ 46. Ka2 Kc7 47. hxg5 Qxg5 48. Qd4 b6 49. Qh8 Qe7 50. Qd4 Qe6+ 51. Kb1 Qe1+ 52. Kc2 Ne6 53. Qc4 Qe5 54. Kb1 Qf5+ 55. Ka2 Kb7 56. Qe2 Qf7 57. Kb1 Qf5+ 58. Ka2 b5 59. Qd2 Nc5 60. Qd8 Qe6+ 61. Kb1 a4 62. Qd2 Qf5+ 63. Ka2 Qf7+ 64. Kb1 Qf5+ 65. Ka2 Qe6+ 66. Kb1 Qg6+ 67. Ka2 Qf7+ 68. Kb1 Nb3 0-1

[Event "Krakow Europejski op"]
[Site "Krakow"]
[Date "2016.05.03"]
[Round "3"]
[White "Goslawski, Michal"]
[Black "Grabarczyk, Miroslaw"]
[Result "1/2-1/2"]
[WhiteElo "2139"]
[BlackElo "2442"]
[PlyCount "62"]
[EventDate "2016.05.01"]
[EventType "swiss"]
[EventRounds "9"]
[EventCountry "POL"]
[SourceTitle "EXT 2018"]
[Source "ChessBase"]
[SourceDate "2017.10.13"]
[SourceVersion "1"]
[SourceVersionDate "2017.10.13"]
[SourceQuality "1"]

1. Nf3 d5 2. d4 c5 3. dxc5 Nc6 4. e3 e6 5. a3 Nf6 6. c4 dxc4 7. Qxd8+ Kxd8 8. Bxc4 Bxc5 9. b4 Bd6 10. Bb2 Ke7 11. Nc3 Bd7 12. Nb5 Bb8 13. 0-0 Rc8 14. Rfc1 a5 15. Bf1 axb4 16. axb4 Rxa1 17. Rxa1 e5 18. Nc3 Nxb4 19. Ba3 Bd6 20. Nb5 Bxb5 21. Bxb5 Rc5 22. Ba4 Nc2 23. Bxc5 Nxa1 24. Bb6 Nd5 25. Ba5 f6 26. Kf1 b6 27. Bd2 Bb4 28. Ke2 e4 29. Nd4 Nc3+ 30. Bxc3 Bxc3 31. Nf5+ Ke6 1/2-1/2